La colonia (Record no. 1447)

MARC details
000 -LEADER
campo de control de longitud fija 00446nam a2200145 4500
008 - DATOS DE LONGITUD FIJA--INFORMACIÓN GENERAL
campo de control de longitud fija 708 N162c
020 ## - NÚMERO INTERNACIONAL ESTÁNDAR DEL LIBRO
Número Internacional Estándar del Libro 9789568415680
082 ## - NÚMERO DE LA CLASIFICACIÓN DECIMAL DEWEY
Número de clasificación 708
Número de ítem N162c
100 ## - ENTRADA PRINCIPAL--NOMBRE DE PERSONA
Nombre de persona Najmanovich, Mariana
9 (RLIN) 6286
245 ## - MENCIÓN DEL TÍTULO
Título La colonia
260 ## - PUBLICACIÓN, DISTRIBUCIÓN, ETC.
Lugar de publicación, distribución, etc. Santiago de Chile
Nombre del editor, distribuidor, etc. Metales pesados
Fecha de publicación, distribución, etc. 2016
300 ## - DESCRIPCIÓN FÍSICA
Extensión 40 p.
Otras características físicas ill. (col)
Dimensiones 22 x 17 cm
650 ## - PUNTO DE ACCESO ADICIONAL DE MATERIA--TÉRMINO DE MATERIA
Subdivisión general arte contemporáneo
-- exhibiciones
-- catálogo de exhibición
-- pintura
-- Chile
9 (RLIN) 6287
700 ## - ENTRADA AGREGADA--NOMBRE PERSONAL
Nombre de persona Szmulewicz, Ignacio
9 (RLIN) 5957
Holdings
Estatus retirado Estado de pérdida Fuente del sistema de clasificación o colocación Estado de daño No para préstamo Biblioteca de origen Biblioteca actual Ubicación en estantería Fecha de adquisición Total de préstamos Signatura topográfica completa Código de barras Visto por última vez Precio de reemplazo Tipo de ítem Koha
    Clasificación Decimal Dewey     Biblioteca LadoV Biblioteca LadoV   17/05/2018   708 N162c 004535 17/05/2018 17/05/2018 Material 01